| 000 | 00676nam a2200229 a 4500 | ||
|---|---|---|---|
| 001 | BRCA_7715 | ||
| 005 | 20190320205947.0 | ||
| 008 | 300813s1948----po-a######---#000-0#por-# | ||
| 041 | _apor | ||
| 044 | _apo | ||
| 050 | 4 |
_aNK4125 _b.F35 1948 |
|
| 245 | 1 | 0 |
_aFaianca portuguesa _bcatalogo-guia _cMuseu Nacional de Soares dos Reis. |
| 250 | _a2 | ||
| 260 |
_aPorto, Portugal _bModerna _c1948 |
||
| 300 |
_a136 p. _bil., 14 láminas _c20 cm. |
||
| 500 | _aU57 | ||
| 650 | 1 | 4 |
_aCerámica _vCatálogos _zPortugal _919078 |
| 650 | 1 | 4 |
_aGalerías y museos _zPortugal _919079 |
| 710 | 2 |
_aMuseu Nacional de Soares dos Reis (Oporto, Portugal) _919080 |
|
| 902 | _aGFM | ||
| 942 |
_2lcc _cB |
||
| 999 |
_c7389 _d7389 |
||